Statistics for 2023年西欧百万人口城市

Click here to take the quiz!

General Stats

  • This quiz has been taken 331 times
  • The average score is 35 of 51

Answers on the Map

Answers color-coded by a green-red scale on the quiz's map according to % correct below.
 

Answer Stats

人口(万)城市% Correct
1,480伦敦
100%
1,140巴黎
99%
477.5柏林
98%
345罗马
98%
685马德里
96%
610米兰 / 贝加莫
92%
250里斯本
92%
250阿姆斯特丹
92%
151都柏林
91%
495巴塞罗那
91%
227.5维也纳
89%
227.5慕尼黑
89%
290汉堡
87%
123奥斯陆
87%
176哥本哈根
86%
355雅典
86%
312.5曼彻斯特
86%
225斯德哥尔摩
86%
169马赛
85%
275布鲁塞尔
85%
337.5鹿特丹 / 海牙
85%
151赫尔辛基
82%
189利物浦
80%
148苏黎世
78%
405那不勒斯
77%
202.5里昂
77%
327.5法兰克福 / 威斯巴登 /
美因茨 / 达姆施塔特
76%
497.5科隆 / 杜塞尔多夫 /
波恩 / 伍珀塔尔
70%
169格拉斯哥
68%
322.5伯明翰
68%
100佛罗伦萨
67%
159都灵
66%
113波尔多
60%
565鲁尔区
(多特蒙德 / 埃森 / 杜伊斯堡)
60%
155波尔图
57%
190巴伦西亚
53%
240斯图加特
53%
131塞维利亚
51%
100不来梅
51%
123安特卫普
51%
222.5利兹
51%
112图卢兹
42%
146纽卡斯尔
40%
131里尔 / 科特赖克 /
穆斯克龙
37%
120纽伦堡
35%
153谢菲尔德
35%
115汉诺威
31%
137诺丁汉
26%
108马拉加
25%
115南安普敦
19%
158曼海姆
16%

Score Distribution

Percentile by Number Answered

Percent of People with Each Score

Your Score History

You have not taken this quiz